|
|
|
|
| LEADER |
00000nab a2200000ua 4500 |
| 001 |
vtls010811259 |
| 003 |
SK-MaSNL |
| 005 |
20260303153356.0 |
| 008 |
230222s2010 xo |||||||||||||||||eng| |
| 035 |
|
|
|a (urnnbn)urn:nbn:sk:snk:ar-002aky
|
| 035 |
|
|
|a urn:nbn:sk:snk-ab5ggu
|
| 035 |
|
|
|a (uuid)7a4de287-ca4b-4d90-a2bb-9428970cfc65
|
| 040 |
|
|
|a SNKBUCL
|b slo
|c SNKBUCL
|e AACR2
|
| 041 |
0 |
|
|a eng
|
| 044 |
|
|
|a xo
|c SK
|
| 100 |
1 |
|
|a Li, Jianzhang
|4 aut
|9 1175064
|
| 245 |
1 |
0 |
|a SOME PHYSICAL, MECHANICAL PROPERTIES AND TERMITE RESISTANCE OF AMMONIUM PENTABORATE-TREATED STRAND BOARD
|c Jianzhang Li, Jinzhen Cao, Wei Gao
|
| 700 |
1 |
|
|a Cao, Jinzhen
|4 aut
|9 1174886
|
| 700 |
1 |
|
|a Gao, Wei
|4 aut
|9 1175065
|
| 773 |
0 |
|
|t Wood research
|g Roč. 55, č. 3 (2010), s. 61-71
|
| 958 |
|
|
|a OND
|
| 958 |
|
|
|a EUIPO
|
| 958 |
|
|
|a article5
|
| 999 |
|
|
|c 2028113
|d 2030043
|